Vista normal
Vista MARC
Entrada Personal Name
Número de registros utilizados en: 1
001 - CONTROL NUMBER
- control field: 16684
003 - CONTROL NUMBER IDENTIFIER
- control field: Mx-PuUPA
005 - DATE AND TIME OF LATEST TRANSACTION
- control field: 20250129124511.0
008 - FIXED-LENGTH DATA ELEMENTS
- fixed length control field: 250129|| aca||aabn | a|a d
040 ## - CATALOGING SOURCE
- Original cataloging agency: Mx-PuUPA
- Language of cataloging: spa
- Transcribing agency: Mx-PuUPA
- Modifying agency: Mx-PuUPA
- Description conventions: rda
100 1# - HEADING--PERSONAL NAME
- Personal name: Jo, Young-Hyun,
370 ## - ASSOCIATED PLACE
- Place of birth: Corea del Sur
374 ## - OCCUPATION
- Occupation: Autor
375 ## - GENDER
- Gender: mujer
377 ## - ASSOCIATED LANGUAGE
- Language code: cor
400 1# - SEE FROM TRACING--PERSONAL NAME
- Personal name: Young-Hyun, Jo
670 ## - SOURCE DATA FOUND
- Source citation: Sacerdotes y transformación social en Perú (1968-1975), 2005:
- Information found: t.p. (Young-Hyun Jo) portada